Central Library || Chittagong University

Advances in biochemical engineering biotechnology / (Record no. 112550)

MARC details
000 -LEADER
fixed length control field 00555nam a22001937a 4500
003 - CONTROL NUMBER IDENTIFIER
control field BD-ChCU
005 - DATE AND TIME OF LATEST TRANSACTION
control field 20260430120603.0
008 - FIXED-LENGTH DATA ELEMENTS--GENERAL INFORMATION
fixed length control field 260430b ny ||||| |||| 00| 0 eng d
020 ## - INTERNATIONAL STANDARD BOOK NUMBER
International Standard Book Number 9783540256595
040 ## - CATALOGING SOURCE
Transcribing agency BD-ChCU
082 ## - DEWEY DECIMAL CLASSIFICATION NUMBER
Edition number 23
Classification number 660.6305 A214
245 ## - TITLE STATEMENT
Title Advances in biochemical engineering biotechnology /
Statement of responsibility, etc. Edited by W Babel.
260 ## - PUBLICATION, DISTRIBUTION, ETC.
Place of publication, distribution, etc. New York :
Name of publisher, distributor, etc. Springer,
Date of publication, distribution, etc. 2005
300 ## - PHYSICAL DESCRIPTION
Extent V.1
504 ## - BIBLIOGRAPHY, ETC. NOTE
Bibliography, etc. note Includes.
650 #0 - SUBJECT ADDED ENTRY--TOPICAL TERM
Topical term or geographic name entry element Biochemical engineering ; Marine biotechnology.
9 (RLIN) 22144
700 ## - ADDED ENTRY--PERSONAL NAME
Personal name Babel, W.
9 (RLIN) 22145
942 ## - ADDED ENTRY ELEMENTS (KOHA)
Source of classification or shelving scheme Dewey Decimal Classification
Koha item type Books
Suppress in OPAC No
Holdings
Withdrawn status Lost status Source of classification or shelving scheme Damaged status Not for loan Home library Current library Shelving location Date acquired Source of acquisition Total Checkouts Full call number Barcode Date last seen Copy number Price effective from Koha item type
    Dewey Decimal Classification     Chittagong University Library Chittagong University Library Science Reading Room 04/30/2026 purchase   660.6305 A214 V.1 343391 04/30/2026 C-1 04/30/2026 Books
    Dewey Decimal Classification     Chittagong University Library Chittagong University Library Science Reading Room 04/30/2026 purchase   660.6305 A214 V.1 343392 04/30/2026 C-2 04/30/2026 Books
© Copyright 2026. Chittagong University Library, Installation and Maintenance by Prof. Dr. Md. Alamgir, 01711306253